Intimas / (Record no. 149474)

MARC details
000 -LEADER
campo de control de longitud fija 00525nam a2200193 i 4500
001 - NÚMERO DE CONTROL
campo de control 149474
003 - IDENTIFICADOR DE NÚMERO DE CONTROL
campo de control ES-MaACL
005 - FECHA Y HORA DE LA ÚLTIMA TRANSACCIÓN
campo de control 20251005063117.0
007 - CAMPO FIJO DE DESCRIPCIÓN FÍSICA--INFORMACIÓN GENERAL
campo de control de longitud fija t|
008 - DATOS DE LONGITUD FIJA--INFORMACIÓN GENERAL
campo de control de longitud fija 071022s1952 sp ||||1| spa d
100 1# - ENTRADA PRINCIPAL--NOMBRE DE PERSONA
Nombre de persona Vázquez, Pura,
Fechas asociadas al nombre 1918-2006
9 (RLIN) 113384
245 10 - MENCIÓN DEL TÍTULO
Título Intimas /
Mención de responsabilidad, etc. por Pura Vázquez.
260 ## - PUBLICACIÓN, DISTRIBUCIÓN, ETC.
Lugar de publicación, distribución, etc. [Lugo :
Nombre del editor, distribuidor, etc. s.n.],
Fecha de publicación, distribución, etc. 1952 (
Fabricante Imp. Palacios)
300 ## - DESCRIPCIÓN FÍSICA
Extensión 27 p. ;
Dimensiones 22 cm.
490 1# - MENCIÓN DE SERIE
Mención de serie Xistral
830 0# - PUNTO DE ACCESO ADICIONAL DE SERIE-TÍTULO UNIFORME
Título uniforme Xistral
9 (RLIN) 187562
852 ## - LOCALIZACIÓN
Ubicación ES-MaACL
Número de control de estantería 2005-F-11
Sublocalización o colección R.33218
Holdings
Estatus retirado Estado de pérdida Estado de daño No para préstamo Colección Biblioteca de origen Biblioteca actual Ubicación en estantería Fecha de adquisición Fuente de adquisición Total de préstamos Signatura topográfica completa Código de barras Visto por última vez Precio de reemplazo Tipo de ítem Koha
        Colección de folletos Biblioteca del Ateneo de Madrid Biblioteca del Ateneo de Madrid Depósito folletos 17/01/2008     2005-F-11 1155981 23/02/2023 23/02/2023 Folleto